Statistiques concernant Capitales littorales en Europe

Cliquez ici pour prendre le quiz!

Statistiques générales

  • Ce quiz a été pris 209 fois
    (166 depuis la dernière actualisation)
  • Le résultat moyen est 8 sur 10

Statistiques - réponses

Capitales en bord de mer% Correct
4Lisbonne
95%
6Oslo
93%
1Copenhague
90%
3Helsinki
89%
8Riga
88%
2Dublin
87%
10La Valette
84%
5Monaco
80%
7Reykjavik
60%
9Tallinn
59%

Distribution des résultats

Percentile par nombre de réponses

% des personnes avec chaque résultat

Votre développement - résultats

Vous n’avez pas pris ce quiz depuis la dernière actualisation